Letra y solfa : (Registro nro. 13009)
[ vista simple ]
| 000 -LIDER | |
|---|---|
| fixed length control field | 00700nam a22002177a 4500 |
| 003 - IDENTIFICACDOR DE NÚMERO DE CONTROL | |
| control field | DO-SdBNP |
| 005 - DATE AND TIME OF LATEST TRANSACTION | |
| control field | 20240718112049.0 |
| 008 - ELEMENTOS DE LONGITUD FIJA | |
| fixed length control field | 171122b1990 cu |||00| 0 spa d |
| 040 ## - FUENTE DE CATALOGACIÓN | |
| Agencia que crea de manera original el registro | BPMSU |
| Idioma de catalogación | spa |
| Agencia que realiza la transcripción | BPMSU |
| 082 #4 - NÚMERO DE CLASIFICACIÓN DECIMAL DE DEWEY | |
| Classification number | 792.8 |
| Item number | C297l 1990 |
| Edition number | 22 |
| 100 1# - ASIENTO PRINCIPAL -- NOMBRE PERSONAL | |
| Nombre personal | Carpentier, Alejo |
| Fechas asociadas con el nombre | 1904-1980. |
| 245 10 - MENCIÓN DE TITULO | |
| Título | Letra y solfa : |
| Subtítulo | Ballet / |
| Mención de responsabilidad | Alejo Carpentier ; compilacion y prólogo Raimundo Respall Fina. |
| 260 ## - PUBLICACIÓN, DISTRIBUCIÓN, ETC. (PIE DE IMPRENTA) | |
| Nombre del editor, distribuidor, etc. | Letras Cubanas, |
| Lugar de publicación, distribución, etc | La Habana : |
| Fecha de publicación, distribución, etc | 1990. |
| 300 ## - DESCRIPCIÓN FÍSICA | |
| Extensión | 70 p. ; |
| Dimensiones | 22 cm. |
| 490 0# - MENCIÓN DE SERIES | |
| Mención de serie | Letras cubanas |
| Volume/sequential designation | 2 |
| 590 ## - NOTA LOCAL | |
| Texto de la nota local | Inventariado, 25024/VM |
| 650 #4 - ENCABEZAMIENTO DE MATERIA--TEMÁTICO | |
| Término temático o nombre geográfico como elemento de entrada | Historia del ballet |
| 700 1# - ASIENTO SECUNDARIO -- NOMBRE PERSONAL | |
| Nombre personal | Respall Fina, Raimundo, |
| Mención de responsabilidad | prólogo |
| 910 ## - VALIDACIÓN | |
| Validación | VMateo V. Control de calidad. BPMSU |
| 942 ## - ADDED ENTRY ELEMENTS (KOHA) | |
| Source of classification or shelving scheme | Dewey Decimal Classification |
| Koha item type | Libros |
| Withdrawn status | Lost status | Source of classification or shelving scheme | Damaged status | Not for loan | Collection code | Home library | Current library | Date acquired | Source of acquisition | Total Checkouts | Full call number | Barcode | Date last seen | Price effective from | Koha item type |
|---|---|---|---|---|---|---|---|---|---|---|---|---|---|---|---|
| Dewey Decimal Classification | Colección General | Biblioteca Pública Metropolitana Salomé Ureña | Biblioteca Pública Metropolitana Salomé Ureña | 11/22/2017 | Donación | BPMSU CG 792.8 C297l 1990 | BPMSU17110323 | 11/22/2017 | 11/22/2017 | Libros |